Mechanics of laminated composite plates and shells : Theory and analysis
Enregistré dans:
| Auteur principal: | |
|---|---|
| Format: | Livre |
| Langue: | anglais |
| Publié: |
Boca Raton :
CRC Press,
2004
|
| Édition: | 2. ed. |
| Sujets: | |
| Tags: |
Pas de tags, Soyez le premier à ajouter un tag!
|
MARC
| LEADER | 00000nam a22000003a 4500 | ||
|---|---|---|---|
| 001 | stu95613 | ||
| 005 | 20150617225812.8 | ||
| 008 | 050919s2004------------------------eng-d | ||
| 020 | |a 0-8493-1592-1 | ||
| 040 | |a STU |b slo | ||
| 041 | 0 | |a eng | |
| 080 | |a 620.1 | ||
| 100 | 1 | |a Reddy, J.N. |4 aut | |
| 245 | 1 | |a Mechanics of laminated composite plates and shells : |b Theory and analysis | |
| 250 | |a 2. ed. | ||
| 260 | |a Boca Raton : |b CRC Press, |c 2004 | ||
| 300 | |a 831 s | ||
| 650 | 7 | |a laminátové materiály |2 stusub | |
| 650 | 7 | |a náuka o materiáli |2 stusub | |
| 996 | |b 284J033816 |c J*109616 |l JJK10 |s P |a 0 |w stu95613_0001 | ||
| 996 | |b 284M052916 |c M*11731-1 |l MMKN |s A |a 24 |w stu95613_0002 | ||